The Bodleian Library at Oxford /

Saved in:
Bibliographic Details
Main Author: Koch, Theodore Wesley, 1871-1941.
Format: Book
Language:English
Published: New York : s.n., 1914.
Subjects:
Tags: Add Tag
No Tags, Be the first to tag this record!
LEADER 00782nam a2200241Ia 4500
001 005602722-2
005 20020606163548.3
008 870810r19141914nyuaef 000 0 eng
010 |a  15002994  
035 0 |a ocm16411761 
040 |a DLC  |c IXA  |d IXA  |d HLS 
050 0 0 |a Z792.O94  |b K7 
100 1 |a Koch, Theodore Wesley,  |d 1871-1941. 
245 1 4 |a The Bodleian Library at Oxford /  |c by Theodore W. Koch. 
260 |a New York :  |b s.n.,  |c 1914. 
300 |a 16 p., [2] leaves of plates :  |b ill., plan ;  |c 24 cm. 
500 |a Caption title. 
500 |a "Reprinted from the Library journal, October and November, 1914." 
500 |a One plate printed on both sides. 
510 4 |a Cordeaux & Merry. Univ. of Oxford,  |c 5425 
610 2 0 |a Bodleian Library. 
988 |a 20020608 
906 |0 DLC